000 00643cam a2200169 a 4500
001 000002883
005 20200929150258.0
008 780404s1946 ag a 000 0 spa c
040 _aDO-SdBNP
_bspa
_cBNPHU
082 _a861.5
_bL579g
100 1 _aLeón, María Teresa.
_99161
245 1 3 _aEl gran amor de Gustavo Adolfo Becquer :
_b(una vida pobre y apasionada) /
_cMaría Teresa León ; con las rimas del poeta, un poema y un epílogo de Rafael Alberti.
260 _aBuenos Aires :
_bLosada,
_c1946.
300 _a271 p. :
_bil. ;
_c23 cm.
600 1 0 _aBecquer, Gustavo Adolfo,
_d1836-1870.
_99162
700 1 _aAlberti, Rafael,
_d1902-1999
_99163
999 _c2717
_d2717